[Event "Accentus Young Masters 2019"]
[Site "Bad Ragaz"]
[Date "2019.03.01"]
[Round "3.1"]
[White "Petrov, Nikita"]
[Black "Wagner, Dennis"]
[Result "1/2-1/2"]
[WhiteElo "2585"]
[BlackElo "2587"]
[Annotator "ChessBase"]
[PlyCount "117"]
[EventDate "2019.02.27"]
[EventType "tourn"]
[EventCountry "SUI"]
[SourceTitle "playchess.com"]
[Source "ChessBase"]
[SourceQuality "1"]
[TimeControl "40/5400+30:1800+30"]

1. Nf3 {[%emt 0:00:00]} d5 {[%emt 0:00:02]} 2. d4 {[%emt 0:00:00]} Nf6 {[%emt 0:00:09]} 3. c4 {[%emt 0:00:00]} e6 {[%emt 0:00:08]} 4. Nc3 {[%emt 0:00:19]} Nbd7 {[%emt 0:00:22]} 5. Bf4 {[%emt 0:08:10]} dxc4 {[%emt 0:00:10]} 6. e3 {[%emt 0:00:10]} Nb6 {[%emt 0:00:15]} 7. Bxc4 {[%emt 0:02:00]} Nxc4 {[%emt 0:00:09]} 8. Qa4+ {[%emt 0:00:04]} c6 {[%emt 0:00:08]} 9. Qxc4 {[%emt 0:00:08]} Nd5 {[%emt 0:00:07]} 10. O-O {[%emt 0:04:34]} Nxf4 {[%emt 0:00:08]} 11. exf4 {[%emt 0:00:05]} Be7 {[%emt 0:00:10]} 12. Rad1 {[%emt 0:02:56]} O-O {[%emt 0:00:45]} 13. Rfe1 {[%emt 0:00:29]} Qb6 {[%emt 0:01:18]} 14. Qe2 {[%emt 0:11:59]} Rd8 {[%emt 0:01:37]} 15. f5 {[%emt 0:20:11]} Qc7 {[%emt 0:38:57]} 16. d5 {[%emt 0:14:37]} cxd5 {[%emt 0:00:08]} 17. Nxd5 {[%emt 0:00:06]} exd5 {[%emt 0:00:10]} 18. Qxe7 {[%emt 0:00:07]} Qxe7 {[%emt 0:00:05]} 19. Rxe7 {[%emt 0:00:04]} Bxf5 {[%emt 0:00:14]} 20. Rxb7 {[%emt 0:00:07]} Rdb8 {[%emt 0:05:20]} 21. Rxb8+ {[%emt 0:01:17]} Rxb8 {[%emt 0:00:02]} 22. b3 {[%emt 0:06:45]} Rc8 {[%emt 0:03:26]} 23. Kf1 {[%emt 0:05:49]} Be6 {[%emt 0:00:28]} 24. Nd4 {[%emt 0:00:47]} Kf8 {[%emt 0:02:41]} 25. Ke2 {[%emt 0:00:54]} Ke7 {[%emt 0:00:37]} 26. Kd2 {[%emt 0:00:30]} a5 {[%emt 0:36:03]} 27. Rc1 {[%emt 0:05:48]} Rxc1 {[%emt 0:00:05]} 28. Kxc1 {[%emt 0:00:04]} Bd7 {[%emt 0:00:05]} 29. Kd2 {[%emt 0:00:47]} Kd6 {[%emt 0:00:03]} 30. Kc3 {[%emt 0:01:59]} Kc5 {[%emt 0:00:07]} 31. a3 {[%emt 0:00:34]} g5 {[%emt 0:00:35]} 32. b4+ {[%emt 0:02:20]} axb4+ {[%emt 0:00:05]} 33. axb4+ {[%emt 0:00:03]} Kd6 {[%emt 0:01:30]} 34. Nf3 {[%emt 0:01:27]} f6 {[%emt 0:00:10]} 35. Kd4 {[%emt 0:00:23]} h5 {[%emt 0:10:03]} 36. g3 {[%emt 0:05:13]} Bg4 {[%emt 0:00:39]} 37. Nd2 {[%emt 0:00:22]} h4 {[%emt 0:00:18]} 38. gxh4 {[%emt 0:01:32]} gxh4 {[%emt 0:00:01]} 39. Nf1 {[%emt 0:00:31]} Kc6 {[%emt 0:00:16]} 40. Ne3 {[%emt 0:00:25]} Bf3 {[%emt 0:00:34]} 41. Nf5 {[%emt 0:34:33]} h3 {[%emt 0:31:03]} 42. Ke3 {[%emt 0:00:00]} Bg4 {[%emt 0:00:00]} 43. Nd4+ {[%emt 0:00:00]} Kd6 {[%emt 0:00:00]} 44. f4 {[%emt 0:00:00]} Bd7 {[%emt 0:00:00]} 45. Kf3 {[%emt 0:00:00]} Ke7 {[%emt 0:00:00]} 46. Kg3 {[%emt 0:00:00]} Kd6 {[%emt 0:00:00]} 47. Kh4 {[%emt 0:00:00]} Ke7 {[%emt 0:00:00]} 48. Kh5 {[%emt 0:00:00]} Kf7 {[%emt 0:00:00]} 49. Kh6 {[%emt 0:00:00]} Bc8 {[%emt 0:00:00]} 50. f5 {[%emt 0:00:00]} Bd7 {[%emt 0:00:00]} 51. b5 {[%emt 0:00:00]} Bc8 {[%emt 0:00:00]} 52. b6 {[%emt 0:00:00]} Ke7 {[%emt 0:00:00]} 53. Kg7 {[%emt 0:01:10]} Bb7 {[%emt 0:00:00]} 54. Kg6 {[%emt 0:02:01]} Ba8 {[%emt 0:00:00]} 55. Nb3 {[%emt 0:01:25]} Bb7 {[%emt 0:00:00]} 56. Nd4 {[%emt 0:03:06]} Ba8 {[%emt 0:00:00]} 57. Kg7 {[%emt 0:00:34]} Bb7 {[%emt 0:00:00]} 58. Ne6 {[%emt 0:00:24]} Ba8 {[%emt 0:00:16]} 59. Nd4 {[%emt 0:01:02]} 1/2-1/2

[Event "Accentus Young Masters 2019"]
[Site "Bad Ragaz"]
[Date "2019.03.01"]
[Round "3.2"]
[White "Stijve, Theo"]
[Black "Albornoz Cabrera, Carlos Daniel"]
[Result "1/2-1/2"]
[WhiteElo "2333"]
[BlackElo "2577"]
[Annotator "ChessBase"]
[PlyCount "125"]
[EventDate "2019.02.27"]
[EventType "tourn"]
[EventCountry "SUI"]
[SourceTitle "playchess.com"]
[Source "ChessBase"]
[SourceQuality "1"]
[TimeControl "40/5400+30:1800+30"]

1. e4 {[%emt 0:00:09]} c5 {[%emt 0:00:00]} 2. Nf3 {[%emt 0:00:08]} d6 {[%emt 0:00:00]} 3. d4 {[%emt 0:00:11]} cxd4 {[%emt 0:00:02]} 4. Nxd4 {[%emt 0:00:07]} Nf6 {[%emt 0:00:04]} 5. Nc3 {[%emt 0:00:11]} a6 {[%emt 0:00:05]} 6. Be3 {[%emt 0:00:09]} e5 {[%emt 0:00:06]} 7. Nb3 {[%emt 0:00:07]} Be6 {[%emt 0:00:05]} 8. f3 {[%emt 0:00:09]} h5 {[%emt 0:00:04]} 9. Qd2 {[%emt 0:00:09]} Nbd7 {[%emt 0:00:05]} 10. Nd5 {[%emt 0:00:09]} Bxd5 {[%emt 0:00:06]} 11. exd5 {[%emt 0:00:10]} Qc7 {[%emt 0:00:06]} 12. Na5 {[%emt 0:00:18]} b6 {[%emt 0:02:13]} 13. Nc6 {[%emt 0:00:09]} Nxd5 {[%emt 0:01:25]} 14. Qxd5 {[%emt 0:00:08]} Nf6 {[%emt 0:00:03]} 15. Qb3 {[%emt 0:00:13]} Qxc6 {[%emt 0:00:07]} 16. O-O-O {[%emt 0:00:17]} b5 {[%emt 0:05:26]} 17. Kb1 {[%emt 0:00:10]} d5 {[%emt 0:08:19]} 18. Bg5 {[%emt 0:00:37]} Rd8 {[%emt 0:01:18]} 19. Bd3 {[%emt 0:00:18]} Be7 {[%emt 0:03:08]} 20. Rhe1 {[%emt 0:00:18]} Qe6 {[%emt 0:11:04]} 21. h3 {[%emt 0:17:08]} h4 {[%emt 0:09:34]} 22. a4 {[%emt 0:11:42]} b4 {[%emt 0:01:49]} 23. a5 {[%emt 0:01:10]} Rh5 {[%emt 0:07:40]} 24. Be3 {[%emt 0:07:25]} Kf8 {[%emt 0:01:49]} 25. Rd2 {[%emt 0:05:43]} Qd6 {[%emt 0:11:15]} 26. Bb6 {[%emt 0:09:52]} Ra8 {[%emt 0:00:07]} 27. Be4 {[%emt 0:05:42]} Nxe4 {[%emt 0:01:17]} 28. Rxe4 {[%emt 0:01:43]} d4 {[%emt 0:00:26]} 29. f4 {[%emt 0:00:46]} Qh6 {[%emt 0:03:12]} 30. Rf2 {[%emt 0:05:34]} Rf5 {[%emt 0:01:28]} 31. Qd5 {[%emt 0:04:15]} Rc8 {[%emt 0:04:43]} 32. Rxe5 {[%emt 0:07:30]} Rxe5 {[%emt 0:00:38]} 33. fxe5 {[%emt 0:00:19]} Qg6 {[%emt 0:01:15]} 34. Qd7 {[%emt 0:07:14]} Re8 {[%emt 0:00:46]} 35. Qxd4 {[%emt 0:02:00]} b3 {[%emt 0:00:52]} 36. Qd3 {[%emt 0:02:31]} Qxd3 {[%emt 0:04:11]} 37. cxd3 {[%emt 0:00:07]} Bd8 {[%emt 0:00:30]} 38. Kc1 {[%emt 0:12:26]} Bg5+ {[%emt 0:02:25]} 39. Kd1 {[%emt 0:00:26]} Rxe5 {[%emt 0:00:08]} 40. Re2 {[%emt 0:01:42]} Rxe2 {[%emt 0:02:29]} 41. Kxe2 {[%emt 0:30:14]} Ke7 {[%emt 0:30:27]} 42. d4 {[%emt 0:00:00]} Ke6 {[%emt 0:00:00]} 43. Kd3 {[%emt 0:00:00]} Kd5 {[%emt 0:00:00]} 44. Kc3 {[%emt 0:00:00]} Be3 {[%emt 0:00:00]} 45. Kxb3 {[%emt 0:00:00]} Bxd4 {[%emt 0:00:00]} 46. Bd8 {[%emt 0:00:00]} f6 {[%emt 0:00:00]} 47. Bc7 {[%emt 0:00:00]} Kc6 {[%emt 0:00:00]} 48. Bf4 {[%emt 0:00:00]} Kb5 {[%emt 0:00:00]} 49. Bd2 {[%emt 0:00:00]} Be5 {[%emt 0:00:00]} 50. Kc2 {[%emt 0:00:00]} Bc7 {[%emt 0:00:00]} 51. Be1 {[%emt 0:00:00]} g5 {[%emt 0:00:00]} 52. Bc3 {[%emt 0:00:00]} Be5 {[%emt 0:00:00]} 53. Bd2 {[%emt 0:00:16]} Bc7 {[%emt 0:00:00]} 54. Bc3 {[%emt 0:00:50]} Bd8 {[%emt 0:00:00]} 55. Kd3 {[%emt 0:01:28]} f5 {[%emt 0:00:00]} 56. Bd2 {[%emt 0:03:15]} g4 {[%emt 0:01:07]} 57. Be1 {[%emt 0:00:23]} Bf6 {[%emt 0:06:37]} 58. Ke3 {[%emt 0:01:28]} Bxb2 {[%emt 0:05:05]} 59. Kf4 {[%emt 0:00:36]} gxh3 {[%emt 0:07:42]} 60. gxh3 {[%emt 0:00:10]} Bf6 {[%emt 0:02:28]} 61. Kxf5 {[%emt 0:00:16]} Bd8 {[%emt 0:00:06]} 62. Kg4 {[%emt 0:00:48]} Bxa5 {[%emt 0:00:08]} 63. Bxh4 {[%emt 0:00:06]} 1/2-1/2

[Event "Accentus Young Masters 2019"]
[Site "Bad Ragaz"]
[Date "2019.03.01"]
[Round "3.3"]
[White "Horvath, Dominik"]
[Black "Colmenares, Aurelio"]
[Result "1/2-1/2"]
[WhiteElo "2419"]
[BlackElo "2335"]
[Annotator "TA"]
[PlyCount "77"]
[EventDate "2019.02.27"]
[EventType "tourn"]
[EventCountry "SUI"]
[SourceTitle "playchess.com"]
[Source "ChessBase"]
[SourceQuality "1"]

{[%evp 19,77,21,24,-9,45,43,35,-24,-25,-34,-23,-26,-16,-35,-40,-53,-50,-51,-52,-57,-55,-62,-52,-54,-62,-63,-56,-57,-63,-79,-73,-93,-64,-68,-68,-68,-75,-77,-72,-67,-68,-105,-47,-53,-45,-48,-18,-43,-20,-29,-19,-69,-77,-79,-77,-58,-68,-64,-8,-8]} 1. Nf3 d5 2. d4 Nf6 3. c4 c6 4. e3 e6 5. Nc3 Nbd7 6. Qc2 Bd6 7. Bd3 dxc4 8. Bxc4 O-O 9. O-O e5 10. h3 h6 11. Bb3 {D46: Semi-Slav: 5 e3 Nbd7 6 Bd3, Black avoids the Meran} (11. a3 Re8 12. Ba2 exd4 13. Nxd4 Nc5 14. Nf5 Bxf5 15. Qxf5 Be5 16. Rd1 Qb6 17. Rb1 Nb3 18. Qc2 Nxc1 19. Rbxc1 Rad8 {1-0 (36) Wojtaszek,R (2744)-Ponomariov,R (2714) Beijing 2014}) 11... exd4 (11... Re8 $11) 12. exd4 $14 {Black must now prevent Bxh6!} Kh8 13. Ne4 $146 (13. Bd2 $14) ({Predecessor:} 13. Re1 Nb6 14. Ne5 Nbd5 15. Nxd5 Nxd5 16. Qd3 Kg8 17. Bc2 f5 {½-½ (24) Finkel,A (2500)-Yudasin,L (2635) Beersheba 1996}) 13... Nxe4 $11 14. Qxe4 Re8 15. Qc2 Qf6 16. Qc4 Kg8 17. Bc2 Nf8 18. Qd3 Be6 19. Bd2 Bd5 20. Rfe1 Rad8 21. Rxe8 Rxe8 22. Re1 Rxe1+ 23. Nxe1 Bc7 24. b3 Bb6 25. Bc3 g6 26. Qe3 Ne6 {[%cal Rb6d4,Bf8e6,Be6d4,Bd4e2][%mdl 32]} 27. Qxh6 Nxd4 {( -> ...Ne2+)} 28. Qe3 {[#]} Ne2+ $1 {[%mdl 576] Discovered Attack} 29. Qxe2 Qxc3 30. Be4 {[#]} Qe5 (30... Bxe4 $1 $17 31. Qxe4 Qd2 32. Qe8+ Kg7 33. Qe5+ Kh7) 31. Bf3 $15 Qxe2 32. Bxe2 {[%mdl 4096] Endgame KBB-KBN} Bd4 33. Nc2 Bc3 (33... Bc5 {is interesting.} 34. Bd3 Kg7 35. Ne3 Bxe3 36. fxe3 f5) 34. f3 a5 35. Bc4 Bxc4 36. bxc4 Kf8 37. Kf2 Ke7 38. Ke3 Be5 (38... Kd6 $15) 39. f4 {Accuracy: White = 47%, Black = 55%.} 1/2-1/2

[Event "Accentus Young Masters 2019"]
[Site "Bad Ragaz"]
[Date "2019.03.01"]
[Round "3.4"]
[White "Engel, Luis"]
[Black "Studer, Noel"]
[Result "0-1"]
[WhiteElo "2469"]
[BlackElo "2494"]
[Annotator "TA"]
[PlyCount "58"]
[EventDate "2019.02.27"]
[EventType "tourn"]
[EventCountry "SUI"]
[SourceTitle "playchess.com"]
[Source "ChessBase"]
[SourceQuality "1"]

{[%evp 9,58,15,5,8,16,4,21,25,20,-14,0,-8,0,0,7,0,0,0,0,0,0,-4,24,4,8,4,15,3,16,12,21,-6,-10,-77,-80,-92,-75,-83,-84,-278,-277,-262,-251,-222,-224,-487,-484,-639,-638,-634,-633]} 1. e4 e6 2. d4 d5 3. Nd2 c5 4. exd5 Qxd5 5. dxc5 Qxc5 6. Ngf3 {C07: French Tarrasch: 3...c5, 4 Ngf3 and 4 exd5 Qxd5} Nf6 7. Bd3 Qc7 8. O-O {The position is equal.} Nbd7 9. a4 Nc5 10. Bc4 Bd7 $146 ({Predecessor:} 10... Be7 11. Qe2 O-O 12. a5 Bd6 13. Re1 {1-0 (44) Demchenko,A (2679)-Svane,R (2600) Germany 2018}) 11. b3 Bd6 12. Bb2 $1 O-O 13. Qe2 Rfd8 14. Ne5 Be8 15. Rfe1 Ncd7 16. Ndf3 Nb6 17. Bb5 Bb4 18. Bxe8 (18. Red1 {looks sharper.} Nbd5 19. Rd4 Nc3 20. Qc4 Qxc4 21. Rxc4 Nxb5 22. Rxb4 Nd6 23. Rd4) 18... Rxe8 19. c3 Bxc3 20. Bxc3 Qxc3 21. Rac1 (21. Ng5 $11) 21... Qxb3 $17 22. Rc7 Nxa4 23. Nxf7 {[#] And now Nh6+! would win.} Rac8 24. Rec1 $2 (24. Qe5 $17 {is a better defense.} Rxc7 25. Qxc7) 24... Rxc7 $19 25. Rxc7 Nc3 26. Qd3 Qb2 {[#] ( -> ...Qc1+)} 27. Ne1 $2 (27. Qxc3 Qxc3 28. Rxc3 Kxf7 29. Rc7+ Re7 30. Ne5+ Kf8 31. Rc8+ Ne8 32. Kf1) 27... Nce4 {Black is clearly winning.} 28. Qf3 Qb6 29. Rc4 Qb1 {Accuracy: White = 44%, Black = 76%.} 0-1

[Event "Accentus Young Masters 2019"]
[Site "Bad Ragaz"]
[Date "2019.03.01"]
[Round "3.5"]
[White "Kurmann, Oliver"]
[Black "Yankelevich, Lev"]
[Result "0-1"]
[WhiteElo "2454"]
[BlackElo "2445"]
[Annotator "TA"]
[PlyCount "110"]
[EventDate "2019.02.27"]
[EventType "tourn"]
[EventCountry "SUI"]
[SourceTitle "playchess.com"]
[Source "ChessBase"]
[SourceQuality "1"]

{[%evp 12,110,20,0,24,0,0,-21,-9,-34,-24,-39,-39,-69,-73,-85,-30,-82,-66,-74,-78,-72,-63,-79,-70,-97,-94,-92,-92,-102,-95,-129,-134,-202,-22,-186,-180,-189,-195,-187,-190,-185,-182,-234,-236,-231,-224,-525,-236,-242,-177,-229,-229,-341,-333,-364,-350,-343,-256,-266,-267,-266,-269,-260,-259,-276,-266,-274,-266,-270,-270,-269,-275,-273,-267,-274,-269,-275,-280,-321,-350,-325,-295,-625,-614,-634,-600,-874,-618,-608,-570,-559,-596,-585,-585,-553,-499,-1541,-1476,-29991,-29986]} 1. e4 e5 2. Nf3 Nc6 3. Bc4 Nf6 4. d3 Bc5 5. c3 d6 6. Nbd2 O-O 7. Bb3 Kh8 {C54: Giuoco Piano: 4 c3 Nf6, main lines with 5 d4 and 5 d3} (7... Be6 8. O-O Bxb3 9. Qxb3 Rb8 10. h3 Re8 11. Re1 Qd7 12. Nf1 Bb6 13. Ng3 Qe6 14. Qc2 h6 15. Nh4 {½-½ (36) Radjabov,T (2724)-Carlsen,M (2881) Dubai 2014}) 8. h3 Ng8 9. g4 Be6 {The position is equal.} 10. Bc2 $146 ({Predecessor:} 10. Nf1 d5 11. Qe2 Nge7 12. Ng3 Ng6 13. Nf5 a5 {0-1 (47) Romero Diez,S (1844)-Guadamuro Torrente,A (2192) Salobrena 2012}) 10... d5 11. Nb3 Bb6 12. Qe2 a5 13. a4 Qd6 (13... Nge7 $17) 14. Bg5 (14. Ng5 $11) 14... f6 15. Bh4 d4 16. Bg3 Rad8 17. Nfd2 Nge7 18. O-O Ng6 19. Rfd1 Nf4 20. Bxf4 exf4 21. Kg2 Ne5 22. Nf3 {[#]} (22. cxd4 $17 Bxd4 23. Nxd4 Qxd4 {[%mdl 64] Double Attack} 24. Nf3 Nxf3 25. Qxf3) 22... c5 $2 (22... f5 $1 $19 {[%mdl 512]} 23. gxf5 (23. exf5 Bd5) 23... Nxf3 24. Qxf3 Rxf5 $1 {[%mdl 512]} 25. cxd4 (25. exf5 $2 Bd5 $19) 25... Rg5+ 26. Kh2 Bxd4 27. Nxd4 Qxd4) 23. c4 $2 (23. Nbd2 $11) 23... Nc6 $19 24. Nbd2 Rde8 25. Rh1 Nb4 26. Bb3 Bd7 27. Ne1 {[#]} (27. Rag1 $142) 27... f5 $1 {[%mdl 512]} 28. gxf5 {[#]} (28. exf5 Rxe2) 28... Bxf5 $1 {[%mdl 512]} 29. Nc2 $2 (29. Nef3) (29. exf5 Rxe2) 29... Nc6 (29... Qg6+ $142 30. Kf1 {[#]} Bxe4 $1 {[%mdl 512]} 31. dxe4 f3 $1 {[%mdl 512]} 32. Nxf3 d3 {[%mdl 64] Double Attack}) 30. Rag1 Bg6 {...f3+! is the strong threat.} 31. f3 (31. Nf3 $142) 31... Bd8 32. Na3 (32. h4 {keeps fighting.}) 32... Bh4 33. Nb5 Qd8 34. Kf1 Ne5 35. Bc2 Bh5 36. Qg2 {[%csl Gg1][%cal Rg2g7]} Qd7 37. Ke2 Rf6 38. Qf1 Ree6 {[%cal Be8e6,Be6g6,Bg6g3][%mdl 32]} 39. Kd1 Rg6 40. Rxg6 Rxg6 ({But not} 40... Bxg6 41. Qg2 $19) (40... Nxg6 41. Rg1 $19) 41. Kc1 Rg3 42. Bd1 Bf7 43. Be2 Be6 44. Rh2 Qe7 ({Don't play} 44... Rxh3 45. Rxh3 Bxh3 46. Qh1 $19) 45. Kc2 Qg5 {And now ...Rg1 would win.} 46. Rh1 Bxh3 47. Rxh3 $2 (47. Qe1) 47... Rg1 48. Nc7 {aiming for Ne6.} Rxf1 49. Bxf1 Bf2 50. Ne6 Qg1 51. Rh5 Nc6 {Hoping for ...Be3.} 52. Rg5 Qh1 53. Rf5 {[%cal Rf5f8]} h6 54. e5 (54. Nxc5 $142 Nb4+ 55. Kd1) 54... Be3 {( -> ...Qh2)} 55. Ne4 Qxf1 {Accuracy: White = 37%, Black = 69%.} 0-1

[Event "Accentus Young Masters 2019"]
[Site "Bad Ragaz"]
[Date "2019.03.02"]
[Round "4.1"]
[White "Wagner, Dennis"]
[Black "Yankelevich, Lev"]
[Result "0-1"]
[WhiteElo "2587"]
[BlackElo "2445"]
[Annotator "ChessBase"]
[PlyCount "56"]
[EventDate "2019.02.27"]
[EventType "tourn"]
[EventCountry "SUI"]
[SourceTitle "playchess.com"]
[Source "ChessBase"]
[SourceQuality "1"]
[TimeControl "40/5400+30:1800+30"]

1. d4 {[%emt 0:00:00]} Nf6 {[%emt 0:00:00]} 2. c4 {[%emt 0:00:00]} g6 {[%emt 0:00:00]} 3. Nc3 {[%emt 0:00:00]} Bg7 {[%emt 0:00:00]} 4. e4 {[%emt 0:00:04]} d6 {[%emt 0:00:00]} 5. h3 {[%emt 0:00:21]} Nbd7 {[%emt 0:00:00]} 6. Be3 {[%emt 0:00:46]} e5 {[%emt 0:00:00]} 7. d5 {[%emt 0:05:31]} Nc5 {[%emt 0:00:00]} 8. Qc2 {[%emt 0:00:38]} O-O {[%emt 0:00:18]} 9. g4 {[%emt 0:06:17]} c6 {[%emt 0:00:02]} 10. b4 {[%emt 0:10:09]} cxd5 {[%emt 0:05:06]} 11. cxd5 {[%emt 0:00:54]} Ncxe4 {[%emt 0:00:35]} 12. Nxe4 {[%emt 0:12:25]} Nxd5 {[%emt 0:01:30]} 13. Bd2 {[%emt 0:06:50]} Nf4 {[%emt 0:04:26]} 14. Ne2 {[%emt 0:11:59]} d5 {[%emt 0:06:05]} 15. Nc5 {[%emt 0:00:09]} b6 {[%emt 0:07:43]} 16. Nb3 {[%emt 0:00:11]} Bb7 {[%emt 0:05:38]} 17. Nxf4 {[%emt 0:17:46]} exf4 {[%emt 0:00:07]} 18. Bg2 {[%emt 0:00:04]} f3 {[%emt 0:02:06]} 19. Bf1 {[%emt 0:12:29]} Re8+ {[%emt 0:04:30]} 20. Kd1 {[%emt 0:00:02]} Rc8 {[%emt 0:00:05]} 21. Qd3 {[%emt 0:01:10]} Bxa1 {[%emt 0:03:00]} 22. Nxa1 {[%emt 0:00:02]} d4 {[%emt 0:00:03]} 23. Qa3 {[%emt 0:06:00]} Re2 {[%emt 0:00:51]} 24. Rg1 {[%emt 0:00:32]} Qe8 {[%emt 0:05:18]} 25. Nc2 {[%emt 0:02:27]} Qe4 {[%emt 0:03:21]} 26. Qb2 {[%emt 0:00:02]} Qd3 {[%emt 0:04:17]} 27. Bxe2 {[%emt 0:00:52]} fxe2+ {[%emt 0:00:06]} 28. Kc1 {[%emt 0:00:02]} Be4 {[%emt 0:00:07]} 0-1

[Event "Accentus Young Masters 2019"]
[Site "Bad Ragaz"]
[Date "2019.03.02"]
[Round "4.2"]
[White "Studer, Noel"]
[Black "Kurmann, Oliver"]
[Result "1-0"]
[WhiteElo "2494"]
[BlackElo "2454"]
[Annotator "TA"]
[PlyCount "61"]
[EventDate "2019.02.27"]
[EventType "tourn"]
[EventCountry "SUI"]
[SourceTitle "playchess.com"]
[Source "ChessBase"]
[SourceQuality "1"]

{[%evp 12,61,-37,-62,0,10,52,51,40,48,48,10,49,35,58,35,70,64,61,54,60,56,56,51,65,44,55,18,52,50,49,52,54,54,54,54,54,56,120,108,150,122,396,395,387,368,389,381,378,376,399,396]} 1. e4 e5 2. f4 exf4 3. Nf3 Nf6 4. Nc3 d5 5. exd5 Nxd5 6. Nxd5 Qxd5 7. d4 Bg4 {C36: King's Gambit Accepted: 3 Nf3 d5} ({Black should play} 7... Be7 $15) 8. Bxf4 $11 Bxf3 (8... Nc6 9. Bxc7 Be7 10. c3 O-O 11. Be2 b5 12. O-O b4 13. c4 Qd7 14. Bg3 Bf6 15. Ne5 Bxe2 16. Nxd7 Bxd4+ {1-0 (53) Jenni,F (2454)-Ragger,M (2687) Skopje 2018}) 9. Qxf3 Qxf3 {White is slightly better.} 10. gxf3 Bd6 11. Bb5+ Ke7 $146 (11... c6 $5 {[%cal Rd6f4]} 12. Bxd6 cxb5 $16) ({Predecessor:} 11... Kf8 12. Be3 c6 13. Bd3 Nd7 14. Kf2 {½-½ (73) Joerg,H (2178)-Buchner,R (2155) Bayern 2007}) 12. Bg5+ f6 13. Bd2 Nd7 14. O-O-O Nb6 15. h4 c6 16. Bd3 Nd5 17. h5 Kf7 18. Rhg1 Rag8 19. Bc4 g6 20. Bb3 b5 21. a4 {[#] Black must now prevent axb5.} b4 22. c4 bxc3 $1 23. bxc3 Rb8 24. Kc2 f5 ({Better is} 24... Rhe8 $14) 25. Rg2 $16 Rb7 26. Rdg1 {[%cal Rh5g6]} Rhb8 $2 {[%mdl 8192] [#]} (26... Rg8 $16 {keeps fighting.} 27. c4 Rgb8) 27. hxg6+ {White is winning.} hxg6 28. Bxd5+ cxd5 29. Rxg6 Bf8 30. Ra6 Rd8 31. Rg5 {Accuracy: White = 72%, Black = 36%.} 1-0

[Event "Accentus Young Masters 2019"]
[Site "Bad Ragaz"]
[Date "2019.03.02"]
[Round "4.3"]
[White "Colmenares, Aurelio"]
[Black "Engel, Luis"]
[Result "0-1"]
[WhiteElo "2335"]
[BlackElo "2469"]
[Annotator "TA"]
[PlyCount "38"]
[EventDate "2019.02.27"]
[EventType "tourn"]
[EventCountry "SUI"]
[SourceTitle "playchess.com"]
[Source "ChessBase"]
[SourceQuality "1"]

{[%evp 9,38,-8,11,1,9,0,0,0,20,5,31,8,49,22,48,50,46,0,0,0,0,-59,-52,-51,-53,-132,-110,-205,-195,-414,-418]} 1. d4 Nf6 2. Bg5 d5 3. Bxf6 gxf6 4. e3 c5 5. dxc5 e6 6. Nf3 {D00: 1 d4 d5: Unusual lines} (6. c4 dxc4 7. Nd2 c3 8. bxc3 Bxc5 9. Ngf3 O-O 10. Be2 Be7 11. O-O Nd7 12. Nd4 Nc5 13. Bf3 Bd7 {½-½ (55) Mchedlishvili,M (2610)-Harikrishna,P (2725) St Petersburg 2018}) 6... Bxc5 7. Be2 Nc6 8. O-O {The position is equal.} b6 9. c4 $146 ({Predecessor:} 9. Nbd2 Bb7 10. Nb3 Be7 11. a4 a6 12. c3 O-O 13. Nbd4 Ne5 {1-0 (72) Mchedlishvili,M (2610)-Dzhumagaliev,Y (2410) St Petersburg 2018}) 9... dxc4 10. Qa4 Bb7 11. Rd1 {[%mdl 1024] White has compensation.} Qc7 12. Nc3 Rg8 13. Nb5 (13. Bxc4 Kf8 $11) ({Don't play} 13. Qxc4 Ne5 $11) 13... Qe7 14. Nbd4 $36 {[%mdl 2048] White has good play.} Bxd4 15. exd4 (15. Nxd4 $11 Qb4 16. Qxb4 Nxb4 17. g3) 15... Qb4 $15 16. Qc2 $1 Ne7 {[%cal Bc6e7,Be7d5,Bd5f4][%mdl 32]} 17. b3 ({White should play} 17. g3 $15) 17... Nd5 $17 18. bxc4 (18. Qxh7 $17 O-O-O 19. Kh1) 18... Nf4 $19 {aiming for ...Qc3!} 19. g3 $2 {[#]} (19. Rab1 Qc3 20. Qa4+ Kf8 21. Kf1 Rxg2 {[#]} 22. d5 $1 {[%mdl 512]} Nxe2 23. Kxg2) 19... Qc3 $1 {[%mdl 512] Accuracy: White = 36%, Black = 68%.} 0-1

[Event "Accentus Young Masters 2019"]
[Site "Bad Ragaz"]
[Date "2019.03.02"]
[Round "4.4"]
[White "Albornoz Cabrera, Carlos Daniel"]
[Black "Horvath, Dominik"]
[Result "1-0"]
[WhiteElo "2577"]
[BlackElo "2419"]
[Annotator "ChessBase"]
[PlyCount "57"]
[EventDate "2019.02.27"]
[EventType "tourn"]
[EventCountry "SUI"]
[SourceTitle "playchess.com"]
[Source "ChessBase"]
[SourceQuality "1"]
[TimeControl "40/5400+30:1800+30"]

1. Nf3 {[%emt 0:00:00]} d5 {[%emt 0:00:00]} 2. c4 {[%emt 0:00:10]} e6 {[%emt 0:00:03]} 3. d4 {[%emt 0:00:10]} a6 {[%emt 0:00:12]} 4. Nbd2 {[%emt 0:00:11]} c5 {[%emt 0:10:30]} 5. g3 {[%emt 0:00:37]} cxd4 {[%emt 0:01:20]} 6. Bg2 {[%emt 0:05:15]} Nf6 {[%emt 0:04:39]} 7. O-O {[%emt 0:00:50]} Nc6 {[%emt 0:01:23]} 8. cxd5 {[%emt 0:00:20]} Nxd5 {[%emt 0:07:55]} 9. Nb3 {[%emt 0:01:15]} Be7 {[%emt 0:08:02]} 10. Nfxd4 {[%emt 0:00:16]} Nxd4 {[%emt 0:00:06]} 11. Nxd4 {[%emt 0:00:07]} O-O {[%emt 0:01:32]} 12. e4 {[%emt 0:00:20]} Nb4 {[%emt 0:10:00]} 13. Be3 {[%emt 0:01:32]} Bd7 {[%emt 0:04:31]} 14. Qb3 {[%emt 0:09:29]} e5 {[%emt 0:02:51]} 15. Nf5 {[%emt 0:00:47]} Be6 {[%emt 0:00:07]} 16. Qc3 {[%emt 0:10:53]} Rc8 {[%emt 0:11:55]} 17. Bb6 {[%emt 0:02:57]} Qe8 {[%emt 0:00:34]} 18. Nxe7+ {[%emt 0:09:08]} Qxe7 {[%emt 0:00:05]} 19. Qxe5 {[%emt 0:00:06]} Rc6 {[%emt 0:00:50]} 20. Qa5 {[%emt 0:23:03]} Bxa2 {[%emt 0:04:43]} 21. Rfd1 {[%emt 0:01:37]} Rfc8 {[%emt 0:14:17]} 22. e5 {[%emt 0:02:38]} Bb3 {[%emt 0:01:35]} 23. Rd8+ {[%emt 0:03:24]} Rxd8 {[%emt 0:00:04]} 24. Bxd8 {[%emt 0:00:07]} Qf8 {[%emt 0:01:59]} 25. Bxc6 {[%emt 0:03:47]} Nxc6 {[%emt 0:00:03]} 26. Qc3 {[%emt 0:00:11]} Bd5 {[%emt 0:00:38]} 27. Bb6 {[%emt 0:01:28]} Qc8 {[%emt 0:01:16]} 28. Rd1 {[%emt 0:00:40]} Be4 {[%emt 0:01:47]} 29. Rd8+ {[%emt 0:00:24]} 1-0